Medical-surgical nursing : (Record no. 5809)

MARC details
000 -LEADER
fixed length control field 00712nam a22001937a 4500
003 - CONTROL NUMBER IDENTIFIER
control field OSt
005 - DATE AND TIME OF LATEST TRANSACTION
control field 20251118140330.0
008 - FIXED-LENGTH DATA ELEMENTS--GENERAL INFORMATION
fixed length control field 251118b |||||||| |||| 00| 0 eng d
020 ## - INTERNATIONAL STANDARD BOOK NUMBER
International Standard Book Number 0-8151-5301-5
040 ## - CATALOGING SOURCE
Original cataloging agency DWC-Main lib
Transcribing agency OC
082 ## - DEWEY DECIMAL CLASSIFICATION NUMBER
Classification number Circ. 610.73 M489 1996
245 ## - TITLE STATEMENT
Title Medical-surgical nursing :
Remainder of title assessment and management of clinical problems, 4th ed.
260 ## - PUBLICATION, DISTRIBUTION, ETC.
Place of publication, distribution, etc. Missouri :
Name of publisher, distributor, etc. Mosby Year Book,
Date of publication, distribution, etc. c1996
300 ## - PHYSICAL DESCRIPTION
Extent xix, 2043 pages :
Other physical details colored illustration :
Dimensions 28 cm.
504 ## - BIBLIOGRAPHY, ETC. NOTE
Bibliography, etc. note Includes bibliographical references and index
650 ## - SUBJECT ADDED ENTRY--TOPICAL TERM
Source of heading or term Nursing
700 ## - ADDED ENTRY--PERSONAL NAME
Personal name Sharon Mantik Lewis
942 ## - ADDED ENTRY ELEMENTS (KOHA)
Source of classification or shelving scheme Dewey Decimal Classification
Koha item type Book Circulation
Edition 4th edition
Classification part Circ. 610.73 M489 1996
Call number prefix Circ.
Suppress in OPAC No
952 ## - LOCATION AND ITEM INFORMATION (KOHA)
--
Holdings
Withdrawn status Lost status Source of classification or shelving scheme Damaged status Not for loan Home library Current library Shelving location Date acquired Source of acquisition Total Checkouts Full call number Barcode Date last seen Copy number Price effective from Koha item type Uniform Resource Identifier
    Dewey Decimal Classification     HM & Nursing Library HM & Nursing Library Circulation 11/09/205 Donation   Circ. 610.73 M489 1996 42509 11/18/2025 c1 11/18/2025 BK-CIRC